| Tag |
First Indicator |
Second Indicator |
Subfields |
| LEADER |
00000cam a22000004i 4500 |
| 001 |
in00003407639 |
| 006 |
m o d |
| 007 |
cr |||||||nn|n |
| 008 |
120305s2012 lau o d eng d |
| 005 |
20260608205040.0 |
| 010 |
|
|
|z 2012006531
|
| 020 |
|
|
|a 9780807145579
|
| 020 |
|
|
|z 9780807145562 (cloth : alk. paper)
|
| 035 |
|
|
|a (MdBmJHUP)muse9780807145579
|
| 040 |
|
|
|a MdBmJHUP
|c MdBmJHUP
|d UtOrBLW
|
| 043 |
|
|
|a n-us---
|
| 050 |
0 |
0 |
|a LA2317.M55
|b C37 2012
|
| 082 |
0 |
0 |
|a 370.92
|a B
|2 23
|
| 100 |
1 |
|
|a Capossela, Toni-Lee.
|
| 245 |
1 |
0 |
|a John U. Monro :
|b uncommon educator /
|c Toni-Lee Capossela.
|
| 264 |
|
1 |
|a Baton Rouge :
|b Louisiana State University Press,
|c 2012.
|
| 300 |
|
|
|a 1 online resource (pages cm)
|
| 336 |
|
|
|a text
|b txt
|2 rdacontent
|
| 337 |
|
|
|a computer
|b c
|2 rdamedia
|
| 338 |
|
|
|a online resource
|b cr
|2 rdacarrier
|
| 504 |
|
|
|a Includes bibliographical references and index.
|
| 588 |
|
|
|a Description based on print version record.
|
| 500 |
|
|
|a Electronic resource.
|
| 600 |
1 |
0 |
|a Monro, John U.
|q (John Usher),
|d 1912-2002.
|
| 650 |
|
0 |
|a Educators
|z United States
|v Biography.
|
| 610 |
2 |
0 |
|a Miles College
|x Faculty
|v Biography.
|
| 655 |
|
7 |
|a Electronic books.
|2 local
|
| 856 |
4 |
0 |
|u http://proxy.library.tamu.edu/login?url=https://muse.jhu.edu/books/9780807145579/
|z Connect to the full text of this electronic book
|t 0
|
| 999 |
|
|
|a MARS
|
| 999 |
f |
f |
|s 194032d9-3f7c-3679-bf53-dffbe72ec739
|i b8d1e007-d467-3de0-96fc-958953e73b31
|t 0
|
| 952 |
f |
f |
|a Texas A&M University
|b College Station
|c Electronic Resources
|s www_evans
|d Available Online
|t 0
|e LA2317.M55 C37 2012
|h Library of Congress classification
|
| 998 |
f |
f |
|a LA2317.M55 C37 2012
|t 0
|l Available Online
|